Sports Quiz

Random Sports or MLB Quiz

Cincinnati Reds Matching Quiz Stats

 Plays Quiz not verified by Sporcle

Also try: U.S. Bureaucracies
Challenge
Share
Tweet
Score 0/32 Timer 05:00
0 Plays Today
% Correct
Aroldis
97.1%
Joey
96.8%
Bronson
96.8%
Johnny
96%
Barry
95.8%
Ken
95%
Adam
94.2%
Jay
93.7%
Brandon
92.3%
Sean
87.9%
Benito
87.1%
Aaron
86.8%
Zack
84.7%
César
83.6%
Vada
78.6%
Lee
78.6%
% Correct
Mario
76.3%
Devin
74.9%
Ernie
72.8%
Nick
72%
Gus
70.7%
Bo
68.3%
Smoky
65.4%
Eppa
64.1%
Bid
62%
Bucky
60.7%
Leo
57.3%
Ewell
56.7%
Cy
50.4%
Elio
48.5%
Santo
46.4%
Ival
32.7%

You're not logged in!

Compare scores with friends on all Sporcle quizzes.
Join for Free
OR
Log In

You Might Also Like...

Show Comments

Extras

Top Quizzes Today


Score Distribution

Your Account Isn't Verified!

In order to create a playlist on Sporcle, you need to verify the email address you used during registration. Go to your Sporcle Settings to finish the process.

Report this User

Report this user for behavior that violates our Community Guidelines.

Details: